Millennium year by year / (Record no. 102948)

MARC details
000 -LEADER
fixed length control field 00511nam a22001697a 4500
005 - DATE AND TIME OF LATEST TRANSACTION
control field 20151008092334.0
008 - FIXED-LENGTH DATA ELEMENTS--GENERAL INFORMATION
fixed length control field 151008b enk||||| |||| 00| 0 eng d
020 ## - INTERNATIONAL STANDARD BOOK NUMBER
International Standard Book Number 0751308099
050 04 - LIBRARY OF CONGRESS CALL NUMBER
Classification number D11
Item number M47 1999
100 1# - MAIN ENTRY--PERSONAL NAME
Personal name Mercer, Derrik
Relator term ed. en jefe
245 00 - TITLE STATEMENT
Title Millennium year by year /
Statement of responsibility, etc Derrik Mercer editor in chief
260 ## - PUBLICATION, DISTRIBUTION, ETC. (IMPRINT)
Place of publication, distribution, etc Londres :
Name of publisher, distributor, etc Dorling Kindersley,
Date of publication, distribution, etc 1999
300 ## - PHYSICAL DESCRIPTION
Extent 894 p. :
Other physical details il. ;
Dimensions 30 cm.
504 ## - BIBLIOGRAPHY, ETC. NOTE
Bibliography, etc Incluye índice
650 #7 - SUBJECT ADDED ENTRY--TOPICAL TERM
Source of heading or term Lemb
Topical term or geographic name as entry element Historia
Form subdivision Cronologia
942 ## - ADDED ENTRY ELEMENTS (KOHA)
Source of classification or shelving scheme Biblioteca del Cogreso de los Estados Unidos
Koha item type Libro
Holdings
Estado de pérdida Fuente de clasificación Estado del daño No para préstamo Ubicación permanente Ubicación actual Apartado o colección Fecha de adquisición Edición Área del conocimiento Clasificación Código de Barras Date last seen Número de copia Tipo de recurso
  Biblioteca del Cogreso de los Estados Unidos     Biblioteca del Departamento de Idiomas Biblioteca del Departamento de Idiomas Consulta 08/10/2015 1a Educación y Humanidades D11 M47 1999 BDI000000061 08/10/2015 C:1 Libro